<?xml version="1.0" encoding="UTF-8"?><?xml-stylesheet type="text/xsl" href="static/style.xsl"?><OAI-PMH xmlns="http://www.openarchives.org/OAI/2.0/" xmlns:xsi="http://www.w3.org/2001/XMLSchema-instance" xsi:schemaLocation="http://www.openarchives.org/OAI/2.0/ http://www.openarchives.org/OAI/2.0/OAI-PMH.xsd"><responseDate>2026-04-18T02:06:29Z</responseDate><request verb="GetRecord" identifier="oai:www.recercat.cat:10230/61358" metadataPrefix="marc">https://recercat.cat/oai/request</request><GetRecord><record><header><identifier>oai:recercat.cat:10230/61358</identifier><datestamp>2025-12-13T21:18:30Z</datestamp><setSpec>com_2072_6</setSpec><setSpec>col_2072_452952</setSpec></header><metadata><record xmlns="http://www.loc.gov/MARC21/slim" xmlns:dcterms="http://purl.org/dc/terms/" xmlns:xsi="http://www.w3.org/2001/XMLSchema-instance" xmlns:doc="http://www.lyncode.com/xoai" xsi:schemaLocation="http://www.loc.gov/MARC21/slim http://www.loc.gov/standards/marcxml/schema/MARC21slim.xsd">
   <leader>00925njm 22002777a 4500</leader>
   <datafield ind2=" " ind1=" " tag="042">
      <subfield code="a">dc</subfield>
   </datafield>
   <datafield ind2=" " ind1=" " tag="720">
      <subfield code="a">Manito Lorite, Nicolás</subfield>
      <subfield code="e">author</subfield>
   </datafield>
   <datafield ind2=" " ind1=" " tag="720">
      <subfield code="a">Cepeda Rodrigo, José María</subfield>
      <subfield code="e">author</subfield>
   </datafield>
   <datafield ind2=" " ind1=" " tag="720">
      <subfield code="a">Farré López, Núria</subfield>
      <subfield code="e">author</subfield>
   </datafield>
   <datafield ind2=" " ind1=" " tag="720">
      <subfield code="a">Castillo Orive, Miguel</subfield>
      <subfield code="e">author</subfield>
   </datafield>
   <datafield ind2=" " ind1=" " tag="720">
      <subfield code="a">Galve, Enrique</subfield>
      <subfield code="e">author</subfield>
   </datafield>
   <datafield ind2=" " ind1=" " tag="720">
      <subfield code="a">Jiménez Candil, Javier</subfield>
      <subfield code="e">author</subfield>
   </datafield>
   <datafield ind2=" " ind1=" " tag="720">
      <subfield code="a">García Pinilla, José M.</subfield>
      <subfield code="e">author</subfield>
   </datafield>
   <datafield ind2=" " ind1=" " tag="720">
      <subfield code="a">López Sánchez, Eduardo Sebastián</subfield>
      <subfield code="e">author</subfield>
   </datafield>
   <datafield ind2=" " ind1=" " tag="720">
      <subfield code="a">Rafols, Carles</subfield>
      <subfield code="e">author</subfield>
   </datafield>
   <datafield ind2=" " ind1=" " tag="720">
      <subfield code="a">Gómez Doblas, Juan José</subfield>
      <subfield code="e">author</subfield>
   </datafield>
   <datafield ind2=" " ind1=" " tag="260">
      <subfield code="c">2024-10-09T06:25:04Z</subfield>
   </datafield>
   <datafield ind2=" " ind1=" " tag="260">
      <subfield code="c">2024-10-09T06:25:04Z</subfield>
   </datafield>
   <datafield ind2=" " ind1=" " tag="260">
      <subfield code="c">2024</subfield>
   </datafield>
   <datafield ind2=" " ind1=" " tag="520">
      <subfield code="a">Background: Patients with atrial fibrillation (AF) and heart failure (HF) have a high risk of thromboembolism and other outcomes and anticoagulation is recommended. Hypothesis: This study was aimed to explore the risk factors associated with HF worsening in patients with AF and HF taking rivaroxaban in Spain. Methods: Multicenter, prospective, observational study that included adults with AF and chronic HF, receiving rivaroxaban ≥4 months before entering. HF worsening was defined as first hospitalization or emergency visit because of HF exacerbation. Results: A total of 672 patients from 71 Spanish centers were recruited, of whom 658 (97.9%) were included in the safety analysis and 552 (82.1%) in the per protocol analysis. At baseline, mean age was 73.7 ± 10.9 years, 64.9% were male, CHA2 DS2 -VASc was 4.1 ± 1.5, HAS-BLED was 1.6 ± 0.9% and 51.3% had HF with preserved ejection fraction. After 24 months of follow-up, 24.9% of patients developed HF worsening, 11.6% died, 2.9% had a thromboembolic event, 3.1% a major bleeding, 0.5% an intracranial bleeding and no patient had a fatal hemorrhage. Older age, the history of chronic obstructive pulmonary disease, the previous use of vitamin K antagonists, and restrictive or infiltrative cardiomyopathies, were independently associated with HF worsening. Only 6.9% of patients permanently discontinued rivaroxaban treatment. Conclusions: Approximately one out of four patients with HF and AF treated with rivaroxaban developed a HF worsening episode after 2 years of follow-up. The identification of those factors that increase the risk of HF worsening could be helpful in the comprehensive management of this population.</subfield>
   </datafield>
   <datafield tag="653" ind2=" " ind1=" ">
      <subfield code="a">Anticoagulation</subfield>
   </datafield>
   <datafield tag="653" ind2=" " ind1=" ">
      <subfield code="a">Atrial fibrillation</subfield>
   </datafield>
   <datafield tag="653" ind2=" " ind1=" ">
      <subfield code="a">Direct oral anticoagulant</subfield>
   </datafield>
   <datafield tag="653" ind2=" " ind1=" ">
      <subfield code="a">Heart failure</subfield>
   </datafield>
   <datafield tag="653" ind2=" " ind1=" ">
      <subfield code="a">Rivaroxaban</subfield>
   </datafield>
   <datafield tag="653" ind2=" " ind1=" ">
      <subfield code="a">Worsening heart failure</subfield>
   </datafield>
   <datafield ind2="0" ind1="0" tag="245">
      <subfield code="a">Factors associated with disease progression in patients with atrial fibrillation and heart failure anticoagulated with rivaroxaban</subfield>
   </datafield>
</record></metadata></record></GetRecord></OAI-PMH>